| 000 | 01824cam a2200445Ia 4500 | ||
|---|---|---|---|
| 001 | DIGCOR07139 | ||
| 003 | NyNyDIG | ||
| 006 | m o d | ||
| 007 | cr ||||||||||| | ||
| 008 | 130201s2010 sp a ob 000 0 spa d | ||
| 020 | _z9788497494106 | ||
| 020 | _z8497494105 | ||
| 035 | _a(OCoLC)888262332 | ||
| 040 |
_aDGITA _beng _epn _cDGITA |
||
| 041 | 0 |
_aspa _aeng |
|
| 043 |
_ae------ _ae-ur--- _an-us--- |
||
| 050 | 1 | 4 | _aNA105 ebook |
| 100 | 1 |
_aSoraluce Blond, José-R., _eauthor. |
|
| 245 | 1 | 0 |
_aHistoria de la arquitectura restaurada de la antigüedad al Renacimiento : _bdel Renacimiento al movimiento moderno / _cJosé Ramón Soraluce Blond. |
| 264 | 1 |
_aA Coruña, Spain : _bUniversidade da Coruña, Servizo de Publicacións, _c2010. |
|
| 300 | _a1 online resource. | ||
| 336 |
_atext _btxt _2rdacontent |
||
| 337 |
_acomputer _bc _2rdamedia |
||
| 338 |
_aonline resource _bcr _2rdacarrier |
||
| 347 |
_atext file _2rdaft |
||
| 347 | _bPDF | ||
| 490 | 1 |
_aMonografías ; _vno. 139 |
|
| 504 | _aIncludes bibliographical references. | ||
| 546 | _aText in Spanish and English. | ||
| 588 | 0 | _aOnline resource; title from PDF title page (Digitalia, viewed February 1, 2013) | |
| 650 | 0 |
_aArchitecture _xConservation and restoration _xHistory. |
|
| 655 | 0 | _aElectronic books. | |
| 791 | 2 |
_aDigitalia (Firm), _edistributor. |
|
| 830 | 0 |
_aMonografías (Universidade da Coruña) ; _vno. 139. |
|
| 793 | 0 |
_gDigitalia eBook Collection: _aUniversidade da Coruña |
|
| 776 | 0 | 8 |
_iPrint version: _aSoraluce Blond, José-R. _tHistoria de la arquitectura restaurada. _dA Coruña : Universidade da Coruña, Servizo de Publicacións, 2010 _z9788497494106 _w(OCoLC)769109417 |
| 856 | 4 | 0 |
_3Digitalia Hispánica _uhttps://www.digitaliapublishing.com/a/9051/ |
| 910 | _aPremium Collection: 2007-2012 | ||
| 942 | _cRAA | ||
| 999 |
_c232048 _d232048 |
||